书目信息 |
| 题名: |
伦理学简明教程
|
|
| 作者: | 魏英敏金可溪 | |
| 分册: | ||
| 出版信息: | 北京 北京大学出版社 1984 |
|
| 页数: | 394 | |
| 开本: | 20cm | |
| 丛书名: | ||
| 单 册: | ||
| 中图分类: | B0 | |
| 科图分类: | ||
| 主题词: | 哲学理论 | |
| 电子资源: | ||
| ISBN: | ||
| 000 | 00524nam0 2200181 450 | |
| 001 | 0757995392 | |
| 005 | 20071007160635.39 | |
| 010 | @b7-301-000-99-5 | |
| 100 | @a20071007d km y0chiy0120 ea | |
| 101 | 0 | @achi |
| 200 | 1 | @a伦理学简明教程@Alun li xue jian ming jiao cheng@f魏英敏金可溪@Fwei ying min jin ke xi |
| 210 | @a北京@c北京大学出版社@d1984 | |
| 215 | @a394@d20cm | |
| 606 | 0 | @a哲学理论 |
| 690 | @aB0@v3 | |
| 701 | 0 | @a魏英敏金可溪@Awei ying min jin ke xi |
| 801 | 0 | @aCN@bPFT@c20071007 |
| 905 | @a213230@dB0@ea168@f1 | |
| 伦理学简明教程/魏英敏金可溪.-北京:北京大学出版社,1984 |
| 394;20cm |
| ISBN (7-301-000-99-5): |
| ● |
| 相关链接 |
|
|
|
|
正题名:伦理学简明教程
索取号:B0/a168
 
预约/预借
| 序号 | 登录号 | 条形码 | 馆藏地/架位号 | 状态 | 备注 |
| 1 | 7508453 | 275084533 | 史法系资料室/ [索取号:B0/a168] | 在馆 |